[Event "SVK-chT2B 2223"]
[Site "Slovakia"]
[Date "2023.03.26"]
[Round "11.3"]
[White "Ondrusova, Miroslava"]
[Black "Szilard, Ladislav"]
[Result "1-0"]
[WhiteElo "1679"]
[BlackElo "2064"]
[PlyCount "97"]
[EventDate "2022.10.08"]
[EventType "team-tourn"]
[EventRounds "11"]
[EventCountry "SVK"]
[SourceTitle "EXT 2024"]
[Source "ChessBase"]
[SourceDate "2023.10.10"]
[SourceVersion "1"]
[SourceVersionDate "2023.10.10"]
[SourceQuality "1"]
[WhiteTeam "Topolcany II"]
[BlackTeam "Komarno II"]
[WhiteTeamCountry "SVK"]
[BlackTeamCountry "SVK"]

1. d4 d5 2. c4 c6 3. e3 Nf6 4. Nc3 e6 5. cxd5 exd5 6. Bd3 Bd6 7. Nge2 Qc7 8. h3 0-0 9. Qc2 a5 10. a4 Na6 11. Na2 Re8 12. Bd2 Ne4 13. Nec3 f5 14. Nxe4 fxe4 15. Bxa6 Rxa6 16. b4 Qe7 17. bxa5 Qg5 18. g4 Qh4 19. 0-0-0 Qe7 20. Qb3 Be6 21. Nb4 Raa8 22. Bc3 Rec8 23. Kd2 c5 24. Nc2 Rf8 25. Rdf1 Qh4 26. Ke2 c4 27. Qb5 h5 28. Be1 c3 29. Kd1 Rf7 30. f4 Qd8 31. Bxc3 hxg4 32. hxg4 Bxg4+ 33. Kd2 Bc7 34. Rhg1 Bh3 35. Rf2 Bxa5 36. Nb4 Be6 37. Rg6 Bxb4 38. Qxb4 Bd7 39. a5 Rc8 40. Rfg2 Rc4 41. Qxb7 Ra4 42. Qxd5 Qf8 43. Rxg7+ Qxg7 44. Rxg7+ Kxg7 45. Qg5+ Kh7 46. d5 Ra2+ 47. Kc1 Rh2 48. Qe5 Kg6 49. f5+ 1-0

[Event "SVK-chT2B 2122"]
[Site "Slovakia"]
[Date "2022.03.27"]
[Round "9.5"]
[White "Lasch, Miroslav"]
[Black "Ondrusova, Miroslava"]
[Result "1-0"]
[WhiteElo "2034"]
[BlackElo "1632"]
[PlyCount "39"]
[EventDate "2021.10.16"]
[EventType "team-tourn"]
[EventRounds "11"]
[EventCountry "SVK"]
[SourceTitle "EXT 2023"]
[Source "ChessBase"]
[SourceDate "2022.10.05"]
[SourceVersion "1"]
[SourceVersionDate "2022.10.05"]
[SourceQuality "1"]
[WhiteTeam "Belusa"]
[BlackTeam "Topolcany II"]
[WhiteTeamCountry "SVK"]
[BlackTeamCountry "SVK"]

1. e4 e5 2. Nf3 Nc6 3. Bb5 Nge7 4. c3 a6 5. Ba4 g6 6. d4 exd4 7. cxd4 b5 8. Bb3 d5 9. exd5 Nxd5 10. 0-0 Bg7 11. Bg5 Qd6 12. Re1+ Kf8 13. Ne5 Be6 14. Nxc6 Qxc6 15. Qf3 Bxd4 16. Nc3 Bxc3 17. Rxe6 Qxe6 18. Bxd5 Qf5 19. Qxc3 f6 20. Qc5+ 1-0

[Event "SVK-chT2B 1920"]
[Site "Slovakia"]
[Date "2020.03.08"]
[Round "11.8"]
[White "Ondrusova, Miroslava"]
[Black "Dusicka, Adam"]
[Result "1/2-1/2"]
[WhiteElo "1607"]
[BlackElo "1707"]
[PlyCount "167"]
[EventDate "2019.10.26"]
[EventType "team-tourn"]
[EventRounds "11"]
[EventCountry "SVK"]
[SourceTitle "CBM 195 Extra"]
[Source "ChessBase"]
[SourceDate "2020.05.31"]
[SourceVersion "1"]
[SourceVersionDate "2020.05.31"]
[SourceQuality "1"]
[WhiteTeam "Topolcany"]
[BlackTeam "Prievidza"]
[WhiteTeamCountry "SVK"]
[BlackTeamCountry "SVK"]

1. e4 e5 2. Nf3 Nc6 3. Bc4 Bc5 4. 0-0 d6 5. h3 Nf6 6. d3 h6 7. Nc3 0-0 8. Na4 Bb6 9. Nh2 Be6 10. Bb3 Nd4 11. Be3 c5 12. Bxd4 cxd4 13. Nxb6 Qxb6 14. f4 Nh7 15. fxe5 dxe5 16. Bxe6 Qxe6 17. Qd2 Rac8 18. a3 Rc7 19. c3 Qb3 20. cxd4 Rc2 21. Qe3 Qxb2 22. Qg3 Qxd4+ 23. Kh1 Rc3 24. Ng4 Kh8 25. Nxe5 Nf6 26. Qf4 Rc5 27. Ng4 Nxg4 28. Qxg4 Rc3 29. Rf3 Rxd3 30. Rxd3 Qxd3 31. Qf3 Qxf3 32. gxf3 Rc8 33. Kg2 g5 34. Rb1 b6 35. Rb3 Kg7 36. Kg3 Kg6 37. h4 Rc1 38. hxg5 hxg5 39. Rd3 Rc6 40. Kg4 a5 41. Rb3 f6 42. f4 gxf4 43. Kxf4 Kf7 44. Ke3 Ke6 45. Kf4 Kd7 46. Kf5 Ke7 47. Kf4 Ke6 48. Rb5 Ke7 49. Rb3 Rd6 50. Kf5 Kd7 51. Rc3 Rd4 52. Kxf6 Rxe4 53. Kf5 Re1 54. a4 Kd6 55. Rc4 Kd5 56. Rf4 Rb1 57. Rf2 Rb4 58. Ra2 Kc4 59. Ra3 Rb3 60. Ra2 Kb4 61. Ke4 Ra3 62. Rb2+ Rb3 63. Ra2 Ra3 64. Rb2+ Kxa4 65. Rxb6 Rb3 66. Ra6 Kb5 67. Ra8 a4 68. Kd4 Kb4 69. Rb8+ Ka3 70. Ra8 Rb1 71. Kc3 Rc1+ 72. Kd2 Rc4 73. Kd3 Rc7 74. Kd2 Kb3 75. Rb8+ Ka2 76. Ra8 a3 77. Rb8 Ka1 78. Ra8 a2 79. Rb8 Rh7 80. Kc2 Rh2+ 81. Kc1 Rh1+ 82. Kc2 Rb1 83. Ra8 Rb7 84. Rc8 1/2-1/2

[Event "Oravska Priehrada op"]
[Site "Namestovo"]
[Date "2017.08.27"]
[Round "6"]
[White "Beno, Milan"]
[Black "Ondrusova, Miroslava"]
[Result "1/2-1/2"]
[WhiteElo "1691"]
[BlackElo "1549"]
[PlyCount "62"]
[EventDate "2017.08.25"]
[EventType "swiss"]
[EventRounds "7"]
[EventCountry "SVK"]
[SourceTitle "CBM 180 Extra"]
[Source "ChessBase"]
[SourceDate "2017.10.06"]
[SourceVersion "1"]
[SourceVersionDate "2017.10.06"]
[SourceQuality "1"]

1. e4 e5 2. Nc3 Nf6 3. Bc4 Bc5 4. Nf3 Nc6 5. d3 0-0 6. 0-0 h6 7. a3 d6 8. h3 Be6 9. Ba2 Nd4 10. Na4 Nxf3+ 11. Qxf3 Nd7 12. Nxc5 Nxc5 13. Qg3 Kh8 14. f4 Bxa2 15. Rxa2 exf4 16. Bxf4 Ne6 17. Bd2 d5 18. Qe5 dxe4 19. Qxe4 Qd4+ 20. Qxd4 Nxd4 21. Bf4 Ne2+ 22. Kh2 Nxf4 23. Rxf4 Kg8 24. Ra1 Rae8 25. Raf1 Re7 26. c3 Rfe8 27. R1f2 f6 28. d4 Rd8 29. Rg4 Kf7 30. Rgf4 Kg8 31. Rf5 Red7 1/2-1/2

[Event "Oravska Priehrada op"]
[Site "Namestovo"]
[Date "2017.08.26"]
[Round "2"]
[White "Bracok, Stefan"]
[Black "Ondrusova, Miroslava"]
[Result "1/2-1/2"]
[WhiteElo "1784"]
[BlackElo "1549"]
[PlyCount "77"]
[EventDate "2017.08.25"]
[EventType "swiss"]
[EventRounds "7"]
[EventCountry "SVK"]
[SourceTitle "CBM 180 Extra"]
[Source "ChessBase"]
[SourceDate "2017.10.06"]
[SourceVersion "1"]
[SourceVersionDate "2017.10.06"]
[SourceQuality "1"]

1. e4 e5 2. Nf3 Nc6 3. Bb5 Nf6 4. 0-0 d6 5. d4 exd4 6. Nxd4 Bd7 7. Nc3 Be7 8. h3 Nxd4 9. Bxd7+ Nxd7 10. Qxd4 Bf6 11. Qe3 0-0 12. Nd5 Re8 13. Nxf6+ Nxf6 14. f3 d5 15. e5 Nd7 16. f4 c6 17. b3 Qb6 18. Qxb6 Nxb6 19. Be3 Nd7 20. Rfe1 a6 21. Rad1 Nf8 22. g3 g6 23. g4 Kg7 24. Kf2 f6 25. exf6+ Kxf6 26. Bd4+ Kf7 27. a4 Ne6 28. Be3 Nf8 29. a5 Re4 30. Bc1 Rxe1 31. Rxe1 Re8 32. Rxe8 Kxe8 33. b4 Ke7 34. c3 Ke6 35. Ke3 Nd7 36. c4 dxc4 37. Kd4 c3 38. Kxc3 Kd5 39. Be3 1/2-1/2

[Event "Oravska Priehrada op"]
[Site "Namestovo"]
[Date "2017.08.26"]
[Round "3"]
[White "Ondrusova, Miroslava"]
[Black "Liscinska, Jana"]
[Result "0-1"]
[WhiteElo "1549"]
[BlackElo "1705"]
[PlyCount "54"]
[EventDate "2017.08.25"]
[EventType "swiss"]
[EventRounds "7"]
[EventCountry "SVK"]
[SourceTitle "CBM 180 Extra"]
[Source "ChessBase"]
[SourceDate "2017.10.06"]
[SourceVersion "1"]
[SourceVersionDate "2017.10.06"]
[SourceQuality "1"]

1. e4 e6 2. Nf3 d5 3. exd5 exd5 4. Be2 Bd6 5. d4 Ne7 6. c3 Bg4 7. 0-0 Nbc6 8. h3 Bf5 9. Re1 Qd7 10. Bb5 0-0-0 11. Ne5 Bxe5 12. Rxe5 f6 13. Re1 g5 14. Bd2 Rhg8 15. g4 Bg6 16. a4 h5 17. b4 hxg4 18. hxg4 Rh8 19. a5 Be4 20. f4 Rh1+ 21. Kf2 Rh2+ 22. Kf1 Rdh8 23. Be3 Nf5 24. gxf5 Qxf5 25. Bf2 Qxf4 26. Qd2 Rh1+ 27. Ke2 Qf3# 0-1

[Event "Oravska Priehrada op"]
[Site "Oravska Priehrada"]
[Date "2016.08.27"]
[Round "2"]
[White "Ondrusova, Miroslava"]
[Black "Jurky, Marian"]
[Result "1/2-1/2"]
[WhiteElo "1566"]
[BlackElo "1381"]
[PlyCount "98"]
[EventDate "2016.08.26"]
[EventType "swiss"]
[EventRounds "7"]
[EventCountry "SVK"]
[SourceTitle "CBM 174 Extra"]
[Source "ChessBase"]
[SourceDate "2016.10.10"]
[SourceVersion "1"]
[SourceVersionDate "2016.10.10"]
[SourceQuality "1"]

1. d4 d6 2. c4 Nf6 3. Nc3 g6 4. Nf3 c6 5. e3 Bg7 6. Be2 0-0 7. 0-0 Bf5 8. Bd3 Bxd3 9. Qxd3 Nbd7 10. b3 Qc7 11. Bb2 Rad8 12. d5 Ng4 13. Rfd1 Nde5 14. Qe2 Nxf3+ 15. Qxf3 Ne5 16. Qe2 e6 17. dxc6 Qxc6 18. Nb5 a6 19. Nd4 Qb6 20. Rd2 Nc6 21. Nxc6 Bxb2 22. Rxb2 Qxc6 23. Rd2 Rd7 24. Rad1 Rfd8 25. Qf3 Qxf3 26. gxf3 Kg7 27. e4 f5 28. e5 d5 29. cxd5 Rxd5 30. Rxd5 Rxd5 31. Rc1 Rd7 32. Kf1 Kh6 33. Ke2 Kg5 34. Ke3 f4+ 35. Ke4 Rd2 36. Rg1+ Kh6 37. Kxf4 Rxa2 38. Rd1 Rxf2 39. Kg3 Re2 40. Rd7 Rxe5 41. Rxb7 Re3 42. Rb6 e5 43. Rxa6 Rxb3 44. Re6 Rb1 45. Rxe5 Rg1+ 46. Kf2 Rg5 47. Re6 Kh5 48. Re4 h6 49. h4 Rf5 1/2-1/2

[Event "Oravska Priehrada op"]
[Site "Oravska Priehrada"]
[Date "2016.08.26"]
[Round "1"]
[White "Murin, Pavol"]
[Black "Ondrusova, Miroslava"]
[Result "1-0"]
[WhiteElo "2015"]
[BlackElo "1566"]
[PlyCount "51"]
[EventDate "2016.08.26"]
[EventType "swiss"]
[EventRounds "7"]
[EventCountry "SVK"]
[SourceTitle "CBM 174 Extra"]
[Source "ChessBase"]
[SourceDate "2016.10.10"]
[SourceVersion "1"]
[SourceVersionDate "2016.10.10"]
[SourceQuality "1"]

1. d4 d5 2. c4 c6 3. Nf3 Nf6 4. Nc3 Bf5 5. cxd5 cxd5 6. Qb3 b6 7. Bg5 e6 8. e3 Be7 9. Bb5+ Nfd7 10. Bf4 0-0 11. 0-0 a6 12. Be2 Nc6 13. Nxd5 exd5 14. Qxd5 Nxd4 15. Nxd4 Bg6 16. Nc6 Nf6 17. Qe5 Qd7 18. Nxe7+ Kh8 19. Nxg6+ hxg6 20. Rfd1 Qb7 21. Bf3 Qb8 22. Qxb8 Rfxb8 23. Bxb8 Rxb8 24. Rac1 Kg8 25. Rc7 Kf8 26. Rdc1 1-0

[Event "SVK-chT2B 1516"]
[Site "Slovakia"]
[Date "2016.03.12"]
[Round "10.1"]
[White "Blazek, Milos"]
[Black "Ondrusova, Miroslava"]
[Result "1/2-1/2"]
[WhiteElo "2082"]
[BlackElo "1573"]
[PlyCount "87"]
[EventDate "2015.10.17"]
[EventType "team-tourn"]
[EventRounds "11"]
[EventCountry "SVK"]
[SourceTitle "EXT 2019"]
[Source "ChessBase"]
[SourceDate "2018.10.10"]
[SourceVersion "1"]
[SourceVersionDate "2018.10.10"]
[SourceQuality "1"]
[WhiteTeam "Trencin PK"]
[BlackTeam "Topolciansky CVC II"]
[WhiteTeamCountry "SVK"]
[BlackTeamCountry "SVK"]

1. e4 e5 2. Nf3 Nc6 3. d4 exd4 4. Bc4 Bb4+ 5. c3 dxc3 6. 0-0 h6 7. bxc3 Bc5 8. Bxf7+ Kxf7 9. Qd5+ Kf8 10. Qxc5+ Nge7 11. Nbd2 b6 12. Qe3 d6 13. Bb2 Kg8 14. Rfe1 Ng6 15. Rad1 Kh7 16. Nd4 Bd7 17. f4 Re8 18. Qg3 Qh4 19. Qxh4 Nxh4 20. f5 Ne5 21. Re3 c5 22. Nc2 c4 23. g3 Ba4 24. Rc1 Nd3 25. Rxd3 cxd3 26. Nd4 Nxf5 27. Nxf5 d5 28. Nd6 Re6 29. Ba3 Bc6 30. exd5 Bxd5 31. c4 Bc6 32. Rf1 Re2 33. Rf2 Ba4 34. Bb2 Rxf2 35. Kxf2 Rf8+ 36. Ke3 Bc2 37. Be5 g6 38. N6e4 Kg8 39. Nf6+ Kf7 40. Nd5 Re8 41. Kd4 g5 42. Ne4 Kg6 43. g4 Rd8 44. Kc3 1/2-1/2

[Event "SVK-ch U20 Girls"]
[Site "Tatralandia"]
[Date "2015.04.24"]
[Round "8"]
[White "Nadzamova, Rebeka"]
[Black "Ondrusova, Miroslava"]
[Result "1-0"]
[WhiteElo "1502"]
[BlackElo "1438"]
[PlyCount "63"]
[EventDate "2015.04.18"]
[EventType "swiss"]
[EventRounds "9"]
[EventCountry "SVK"]
[SourceTitle "CBM 166 Extra"]
[Source "ChessBase"]
[SourceDate "2015.06.18"]
[SourceVersion "1"]
[SourceVersionDate "2015.06.18"]
[SourceQuality "1"]

1. e4 e5 2. Nf3 Nc6 3. Bc4 Bc5 4. c3 Nf6 5. d3 0-0 6. Nbd2 d6 7. h3 h6 8. 0-0 a6 9. Bb3 Qd7 10. Re1 Na5 11. Bc2 Bb6 12. d4 exd4 13. cxd4 d5 14. e5 Nh7 15. Nf1 Qe7 16. Qd3 g6 17. Bxh6 Re8 18. Ng3 Qb4 19. b3 Nc6 20. a3 Qb5 21. Qd2 Ba7 22. Ng5 Nxd4 23. Nh5 Nf5 24. Nxh7 Kxh7 25. Nf6+ Kh8 26. Nxe8 Qxe8 27. Bxf5 Bxf5 28. Qxd5 c6 29. Qd6 Be6 30. Bg5 Bb8 31. Qd4 Kg8 32. Qh4 1-0

[Event "SVK-ch U20 Girls"]
[Site "Tatralandia"]
[Date "2015.04.23"]
[Round "7"]
[White "Ondrusova, Miroslava"]
[Black "Rozsnyoova, Sophia"]
[Result "1-0"]
[WhiteElo "1438"]
[BlackElo "1300"]
[PlyCount "83"]
[EventDate "2015.04.18"]
[EventType "swiss"]
[EventRounds "9"]
[EventCountry "SVK"]
[SourceTitle "CBM 166 Extra"]
[Source "ChessBase"]
[SourceDate "2015.06.18"]
[SourceVersion "1"]
[SourceVersionDate "2015.06.18"]
[SourceQuality "1"]

1. d4 d5 2. Nf3 Nc6 3. Bf4 Bf5 4. c3 e6 5. e3 a6 6. Be2 Bd6 7. 0-0 Nf6 8. Bd3 Bg6 9. Be2 Qe7 10. Nbd2 Ne4 11. Bxd6 Qxd6 12. c4 dxc4 13. Nxc4 Qb4 14. a3 Qe7 15. Nce5 Nxe5 16. Nxe5 Qg5 17. Nxg6 hxg6 18. Bf3 Qh4 19. h3 Ng5 20. Re1 Nxh3+ 21. gxh3 Qxh3 22. Bg2 Qh2+ 23. Kf1 0-0-0 24. Qf3 Rd5 25. Ke2 Qh5 26. Rh1 Qxf3+ 27. Bxf3 Rxh1 28. Rxh1 Rb5 29. Rb1 c5 30. d5 exd5 31. Bxd5 f6 32. Kd3 Kd7 33. Kc3 Kd6 34. Rd1 Ke5 35. b3 Rb6 36. Bg2 g5 37. Rd7 g6 38. Rxb7 Rxb7 39. Bxb7 a5 40. Kc4 Kd6 41. Kb5 Kc7 42. Bg2 1-0

[Event "SVK-ch U20 Girls"]
[Site "Tatralandia"]
[Date "2015.04.21"]
[Round "5"]
[White "Ondrusova, Miroslava"]
[Black "Lazorova, Maria"]
[Result "1-0"]
[WhiteElo "1438"]
[BlackElo "1471"]
[PlyCount "87"]
[EventDate "2015.04.18"]
[EventType "swiss"]
[EventRounds "9"]
[EventCountry "SVK"]
[SourceTitle "CBM 166 Extra"]
[Source "ChessBase"]
[SourceDate "2015.06.18"]
[SourceVersion "1"]
[SourceVersionDate "2015.06.18"]
[SourceQuality "1"]

1. d4 d5 2. Nf3 Nf6 3. Bf4 e6 4. e3 Be7 5. Be2 0-0 6. 0-0 Nbd7 7. c4 b6 8. Nc3 dxc4 9. Bxc4 c6 10. Qc2 Bb7 11. Ng5 h6 12. Nge4 Nxe4 13. Nxe4 Nf6 14. Bd3 Nxe4 15. Bxe4 f5 16. Bd3 Bd6 17. Qb3 Rf6 18. Bxf5 Qe7 19. Bxd6 Qxd6 20. Be4 Kh8 21. Rac1 Rc8 22. Rc3 Qd7 23. Qc2 c5 24. Bxb7 Qxb7 25. dxc5 Rxc5 26. Rxc5 bxc5 27. Rd1 Rf8 28. Qxc5 Qf7 29. Qc2 e5 30. b3 Qb7 31. Rd3 Rc8 32. Rc3 Rxc3 33. Qxc3 Qd5 34. Qc2 e4 35. h3 a5 36. g4 Qe5 37. Qc8+ Kh7 38. Qf5+ Qxf5 39. gxf5 Kg8 40. a3 Kf7 41. b4 axb4 42. axb4 Ke7 43. Kg2 Kd6 44. Kg3 1-0

[Event "SVK-ch U20 Girls"]
[Site "Tatralandia"]
[Date "2015.04.20"]
[Round "4"]
[White "Liscinska, Lucia"]
[Black "Ondrusova, Miroslava"]
[Result "1-0"]
[WhiteElo "1598"]
[BlackElo "1438"]
[PlyCount "113"]
[EventDate "2015.04.18"]
[EventType "swiss"]
[EventRounds "9"]
[EventCountry "SVK"]
[SourceTitle "CBM 166 Extra"]
[Source "ChessBase"]
[SourceDate "2015.06.18"]
[SourceVersion "1"]
[SourceVersionDate "2015.06.18"]
[SourceQuality "1"]

1. e4 e5 2. Nf3 Nc6 3. d4 exd4 4. Nxd4 Nf6 5. Nxc6 bxc6 6. e5 Nd5 7. c4 Nb6 8. Bd3 Bc5 9. 0-0 0-0 10. Nc3 d5 11. exd6 Bxd6 12. Ne4 Be7 13. Qf3 Be6 14. Rd1 Qc8 15. Qg3 Kh8 16. b3 f6 17. h3 Nd7 18. f4 Nc5 19. Nxc5 Bxc5+ 20. Kh1 Bf5 21. Bb2 Re8 22. Qf3 Bd6 23. Qxc6 Bxh3 24. gxh3 Qxh3+ 25. Kg1 Qg3+ 26. Qg2 Qxf4 27. Bf1 Qe3+ 28. Qf2 Qxf2+ 29. Kxf2 Re7 30. Re1 Rae8 31. Rxe7 Rxe7 32. Bd3 Bc5+ 33. Kg2 Re3 34. Rd1 h5 35. Bc1 Re5 36. Bb1 g5 37. Rf1 Kg7 38. Kh3 Be7 39. Bb2 Re3+ 40. Kg2 h4 41. Bf5 Re2+ 42. Rf2 Rxf2+ 43. Kxf2 Kh6 44. Kf3 Kg7 45. a3 a5 46. Kg4 Bc5 47. Bc3 Bxa3 48. Bxa5 Bd6 49. b4 c5 50. b5 Kf7 51. Bd8 Be5 52. b6 Ke8 53. Bc7 Ke7 54. Bxe5 fxe5 55. b7 e4 56. Bxe4 Kd7 57. b8Q 1-0

[Event "SVK-ch U20 Girls"]
[Site "Tatralandia"]
[Date "2015.04.20"]
[Round "3"]
[White "Tomcikova, Zuzana"]
[Black "Ondrusova, Miroslava"]
[Result "1/2-1/2"]
[WhiteElo "1578"]
[BlackElo "1438"]
[PlyCount "57"]
[EventDate "2015.04.18"]
[EventType "swiss"]
[EventRounds "9"]
[EventCountry "SVK"]
[SourceTitle "CBM 166 Extra"]
[Source "ChessBase"]
[SourceDate "2015.06.18"]
[SourceVersion "1"]
[SourceVersionDate "2015.06.18"]
[SourceQuality "1"]

1. e4 e5 2. Nf3 Nc6 3. Bc4 Nf6 4. Ng5 d5 5. exd5 Na5 6. Bb5+ Bd7 7. Qe2 Bd6 8. d4 Qe7 9. Bxd7+ Nxd7 10. dxe5 Qxe5 11. Qxe5+ Bxe5 12. 0-0 0-0 13. Nf3 Rfe8 14. Na3 Nb6 15. Rd1 Rad8 16. Rb1 Rxd5 17. Rxd5 Nxd5 18. Bd2 Nc6 19. Re1 Nf6 20. Nc4 Bd6 21. Nxd6 Rxe1+ 22. Nxe1 cxd6 23. Bf4 Ne8 24. c3 Kf8 25. Kf1 Ke7 26. Ke2 Ke6 27. Nf3 h6 28. Kd3 Ne5+ 29. Nxe5 1/2-1/2